| Поле | Инд. | ПП | Название | Значение |
|---|---|---|---|---|
| Тип записи | a | |||
| Библиографический уровень | a | |||
| 001 | Контрольный номер | 5077f158d2034f24b72d341854c75e64 | ||
| 005 | Дата корректировки | 20160517102634.8 | ||
| 020 | a | ISBN | 5-89697-105-2 | |
| 040 | a | Служба первич. каталог. | НБ ТвГУ | |
| b | Код языка каталог. | rus | ||
| e | Правила каталог. | PSBO | ||
| 041 | 0_ | a | Код языка текста | rus |
| 097 | b | Оператор | novikova | |
| 100 | 1_ | a | Автор | Шурыгина Ирина Игоревна |
| q | Полное имя | Шурыгина И. И. | ||
| 245 | 10 | a | Заглавие | Социологические подходы к изучению мужских и женских моделей наркотизации |
| 260 | a | Место издания | Москва | |
| b | Издательство | Институт социологии РАН | ||
| 504 | a | Библиография | Библиогр.: с. 154-155 (13 назв.) | |
| 520 | 0_ | a | Аннотация | В статье рассматривается проблематика употребления наркотиков среди мужчин и женщин. |
| 653 | 0_ | a | Ключевые слова | Наркотизация |
| a | Ключевые слова | Наркомания | ||
| a | Ключевые слова | Социологические подходы | ||
| a | Ключевые слова | Мужчины | ||
| a | Ключевые слова | Женщщины | ||
| a | Ключевые слова | Употребление наркотиков | ||
| a | Ключевые слова | Наркотики | ||
| 773 | 18 | w | Контрольный № источника | 004243933 |
| t | Название источника | Девиантное поведение в современной России в фокусе социологии : наркотизация, алкоголизация, преступность, коррупция | ||
| d | Место и дата издания | Москва : Институт социологии РАН, 2005 (Казань) | ||
| g | Прочая информация | С. 139-155 | ||
| 901 | t | Тип документа | a | |
| 920 | a | Оператор | Нови |